Wrought iron design (Record no. 3922)
[ view plain ]
| 000 -LEADER | |
|---|---|
| fixed length control field | 00384nam a22001457a 4500 |
| 008 - FIXED-LENGTH DATA ELEMENTS--GENERAL INFORMATION | |
| fixed length control field | 250620b |||||||| |||| 00| 0 eng d |
| 020 ## - INTERNATIONAL STANDARD BOOK NUMBER | |
| ISBN | 9789812458018 |
| 100 ## - MAIN ENTRY--AUTHOR | |
| Author | Vidiella Alex Sanchez |
| 245 ## - TITLE STATEMENT | |
| Title | Wrought iron design |
| 260 ## - PUBLICATION, DISTRIBUTION, ETC. (IMPRINT) | |
| Place of publication | Singapore |
| Name of publisher | Page one publishing |
| Date of publication | 2009 |
| 300 ## - COLLATION | |
| Pagination | 215p. |
| Other physical details | Ill. |
| 650 ## - TRACINGS | |
| Main Subject | Iron work |
| Subdivision (1st) | Wrought iron |
| 942 ## - ADDED ENTRY ELEMENTS (KOHA) | |
| Item type | Books |
| 050 ## - LIBRARY OF CONGRESS CALL NUMBER | |
| Classification number | TT240 |
| Item number | . W76 |
| Source of classification or shelving scheme | Not for loan | Permanent location | Current location | Date acquired | Accession No. | Full call number | Barcode. | Koha item type |
|---|---|---|---|---|---|---|---|---|
| Library of Congress Classification | Engineering Library | Engineering Library | 06/20/2025 | 2025/65104 | TT240.W76 | 2025-2611 | Books |